000 00333nam a2200169Ia 4500
100 _aPatil/S.P
650 _aMechanical systems
250 _a2
942 _cBK
366 _f20
245 _aMechanical system design
260 _bJaico
_c2012
082 _a621.815
_bPAT
300 _a391
546 _aENGLISH
999 _c31999
_d31999